000 01125nam a2200301Ia 4500
001 ebr10437313
003 CaPaEBR
006 m u
007 cr cn|||||||||
008 940214s2010 mdua s 001 0 eng d
020 _z9781442206564
040 _aCaPaEBR
_cCaPaEBR
035 _a(OCoLC)698431320
050 1 4 _aLB2846
_b.R33 2010eb
082 0 4 _a370/.21
_220
100 1 _aRavid, Ruth.
245 1 0 _aPractical statistics for educators
_h[electronic resource] /
_cRuth Ravid.
250 _a4th ed.
260 _aLanham, MD :
_bRowman & Littlefield,
_c2010.
300 _axvi, 256 p. :
_bill.
500 _aIncludes index.
533 _aElectronic reproduction.
_bPalo Alto, Calif. :
_cebrary,
_d2011.
_nAvailable via World Wide Web.
_nAccess may be limited to ebrary affiliated libraries.
650 0 _aEducational statistics
_xStudy and teaching.
650 0 _aEducational tests and measurements.
655 7 _aElectronic books.
_2local
710 2 _aebrary, Inc.
856 4 0 _uhttp://site.ebrary.com/lib/rucke/Doc?id=10437313
_zAn electronic book accessible through the World Wide Web; click to view
999 _c132706
_d132706